ADVANCES in liposomal therapeutics

Guardat en:
Dades bibliogràfiques
Format: Llibre
Idioma:anglès
Publicat: CBS Publishers 2018
Etiquetes: Afegir etiqueta
Sense etiquetes, Sigues el primer a etiquetar aquest registre!

MARC

LEADER 00000nam a22000007a 4500
008 230119b |||||||| |||| 00| 0 eng d
020 |a 9788123907133 
245 |a ADVANCES in liposomal therapeutics  |c edited by S .P. Vjas and V.K. Dixit  |g 319p; ill 
250 |c Vjas S .P. 
260 |b CBS Publishers  |c 2018  |h New Delhi  |i 697076   |i 697077  |l RSS199.6.Ad9  |m Drug delivery systems 
500 |a it includes biological references and index 
942 |a lcc  |c BK  |e Johnson  |f 19/01/23 
952 |0 0  |1 0  |2 lcc  |4 0  |6 RSS01996 A D9  |7 0  |9 4171  |a PL  |b HOL  |c QZ  |d 2023-01-19  |l 0  |o RSS199.6.Ad9  |p 2023-0101  |r 2023-01-19 00:00:00  |t 697076  |w 2023-01-19  |y BK 
952 |0 0  |1 0  |2 lcc  |4 0  |6 RSS01996 A D9  |7 0  |9 4172  |a HOL  |b HOL  |c QZ  |d 2023-01-19  |l 0  |o RSS199.6.Ad9  |p 2023-0102  |r 2023-01-19 00:00:00  |t 697077  |w 2023-01-19  |y BK 
999 |c 2090  |d 2090